Europe by First 3 Letters Quiz Stats

 Plays Quiz Updated Feb 13, 2019

Support Sporcle.
Go Orange.
Score 0/47 Timer 01:00
4 Plays Today
Country % Correct
France
87.3%
Germany
84.9%
Spain
84.7%
United Kingdom
79.1%
Sweden
78.9%
Italy
76.8%
Portugal
75%
Norway
73.6%
Belarus
72.3%
Belgium
72.3%
Ireland
71.8%
Finland
70.2%
Greece
66.3%
Russia
64.4%
Denmark
62.6%
Poland
59.8%
Switzerland
59%
Netherlands
58%
Iceland
57.3%
Austria
55.7%
Monaco
54.3%
Montenegro
54.3%
Latvia
54.2%
Lithuania
54%
Country % Correct
Slovakia
53.3%
Slovenia
53.3%
Luxembourg
52.3%
Estonia
49.6%
Andorra
48.8%
Turkey
45.5%
Ukraine
45.4%
Czechia
45.3%
Hungary
45.2%
Liechtenstein
43.7%
Vatican City
43.7%
Romania
43.4%
Serbia
41.3%
Croatia
40.9%
Bulgaria
39.8%
North Macedonia
39.8%
Albania
39.7%
Bosnia and Herzegovina
38.8%
Malta
37.9%
San Marino
37.1%
Cyprus
34%
Moldova
32.6%
Kosovo
29.6%

You're not logged in!

Compare scores with friends on all Sporcle quizzes.
OR
Log In
Forgot?

From the Vault

EU Countries with the Letter E

by SportsJOEdotie

Hopefully the letter U doesn't feel too left out.
Remove Ads.
Support Sporcle.
Get the best of Sporcle when you Go Orange. This ad-free experience offers more features, more stats, and more fun while also helping to support Sporcle. Thank you for becoming a member.

Show Comments

Extras

Top Quizzes Today


Score Distribution

Your Account Isn't Verified!

In order to create a playlist on Sporcle, you need to verify the email address you used during registration. Go to your Sporcle Settings to finish the process.

Report this User

Report this user for behavior that violates our Community Guidelines.

Details: